000
00271nam a2200133Ia 4500
100
_a
Theraja/B.L
942
_c
BK
654
_a
Physics
245
_a
Engineering physics
260
_b
S. Chand & co.
_a
Delhi
_c
1967
082
_a
530
300
_a
819
546
_a
ENGLISH
999
_c
23618
_d
23618